000 00362 a2200157 4500
001 47176
020 _a978858598553122
040 _cAnchieta - Aquarius
100 _aCedraz, Antônio Luiz Ramos
240 1 0 _aA vaca preguiçosa
_lpor
245 1 0 _aA vaca preguiçosa
300 _a20
362 0 _a2012
650 4 _aLiteratura infanto-juvenil
942 _cBK
999 _c47176
_d47176